<?xml version="1.0" encoding="UTF-8"?><?xml-stylesheet type="text/xsl" href="static/style.xsl"?><OAI-PMH xmlns="http://www.openarchives.org/OAI/2.0/" xmlns:xsi="http://www.w3.org/2001/XMLSchema-instance" xsi:schemaLocation="http://www.openarchives.org/OAI/2.0/ http://www.openarchives.org/OAI/2.0/OAI-PMH.xsd"><responseDate>2026-04-26T21:58:37Z</responseDate><request verb="GetRecord" identifier="oai:uvadoc.uva.es:10324/45974" metadataPrefix="marc">https://uvadoc.uva.es/oai/request</request><GetRecord><record><header><identifier>oai:uvadoc.uva.es:10324/45974</identifier><datestamp>2021-11-15T08:59:23Z</datestamp><setSpec>com_10324_38</setSpec><setSpec>col_10324_852</setSpec></header><metadata><record xmlns="http://www.loc.gov/MARC21/slim" xmlns:doc="http://www.lyncode.com/xoai" xmlns:xsi="http://www.w3.org/2001/XMLSchema-instance" xmlns:dcterms="http://purl.org/dc/terms/" xsi:schemaLocation="http://www.loc.gov/MARC21/slim http://www.loc.gov/standards/marcxml/schema/MARC21slim.xsd">
<leader>00925njm 22002777a 4500</leader>
<datafield tag="042" ind1=" " ind2=" ">
<subfield code="a">dc</subfield>
</datafield>
<datafield tag="720" ind1=" " ind2=" ">
<subfield code="a">Gómez Gutiérrez, Beatriz</subfield>
<subfield code="e">author</subfield>
</datafield>
<datafield tag="260" ind1=" " ind2=" ">
<subfield code="c">2020</subfield>
</datafield>
<datafield tag="520" ind1=" " ind2=" ">
<subfield code="a">El trabajo busca aproximarse al concepto de la melancolía a través de la obra del artista Edward Hopper. Mediante un estudio previo de lo que el concepto ha significado en la Cultura Occidental, se pretende ahondar en lo que resulta tan atractivo de la atmósfera melancólica que consigue representar Hopper. Cómo a través de sus personajes melancólicos, solitarios y reflexivos, los espacios que habitan se convierten en escenarios vacíos y silenciosos que hablan de los aspectos negativos de la vida moderna. Además de la influencia que este estilo tan particular ha tenido, desde el siglo XX hasta la actualidad, en el mundo del cine.</subfield>
</datafield>
<datafield tag="024" ind2=" " ind1="8">
<subfield code="a">http://uvadoc.uva.es/handle/10324/45974</subfield>
</datafield>
<datafield tag="245" ind1="0" ind2="0">
<subfield code="a">En torno a la melancolía: Edward Hopper y su influencia en el cine</subfield>
</datafield>
</record></metadata></record></GetRecord></OAI-PMH>